000 00944nam a2200277Ia 4500
003 OSt
005 20220930093101.0
006 a|||||r|||| 00| 0
007 ta
008 220926b |||||||| |||| 00| 0 eng d
024 _a28688
037 _cTheses
040 _aCRL
_cCRL
_beng
041 _2eng
_aeng
100 _aSudhaman Sumedha Au.
_9550606
110 _aUniversity of Delhi. Faculty of Interdisciplinary & Applied Sciences. Department of Genetics
_9550607
245 0 _aDiscovery of podxl and ric3 as causal genes for parkinson's disease, by whole exome sequencing
260 _c2015
300 _a136p.
_ap.
_ccm.
650 _a DISEASE
_9285003
650 _aGENETICS
700 _a Thelma B. K. Gu.
_9543845
700 _aUniversity of Delhi. Faculty of Interdisciplinary & Applied Sciences. Department of Genetics
_9550608
942 _cDIS
_2CC
999 _c884750
_d884750